| 000 | 00674nam a22002050 4500 | ||
|---|---|---|---|
| 001 | ocn9719217006 | ||
| 003 | PILC | ||
| 005 | 20150826155049.0 | ||
| 008 | 010227s2000 eng | ||
| 020 | _a9719217006 | ||
| 050 |
_aHF 1416.6.P6 _b.T7 2000 |
||
| 110 | 2 | _aInternational Trade Centre UNCTAD/WTO. | |
| 245 | 1 | 0 |
_aTrade secrets : _bthe export answer book for small--and medium-sized exporters. |
| 260 |
_aPasay City : _bInternational Trade Centre UNCTAD/WTO, _c2000. |
||
| 300 |
_aviii, 231 pages ; _c30 cm. |
||
| 650 | _aExport marketing. | ||
| 650 |
_aExport marketing _zPhilippines _xHandbooks, manuals, etc. |
||
| 650 | _aMarketing. | ||
| 942 |
_2lcc _cBK |
||
| 999 |
_c288518 _d288518 |
||